000
00473nam a2200169Ia 4500
008
090123s9999 xx 000 0 und d
082
_b
496
_a
891.463/पाध्ये
100
_a
पाध्ये भाऊ
245
_a
वासूनाका
250
_a
0
300
_a
185
600
_a
पाध्ये भाऊ
630
_a
वासूनाका
700
_a
पाध्ये भाऊ
730
_a
वासूनाका
942
_c
BOOK
999
_c
38584
_d
38584